The global public relations handbook : (Record no. 4140)

000 -LEADER
fixed length control field 01346cam a22003134a 4500
001 - CONTROL NUMBER
control field 13136327
005 - DATE AND TIME OF LATEST TRANSACTION
control field 20190523104316.0
008 - FIXED-LENGTH DATA ELEMENTS--GENERAL INFORMATION
fixed length control field 030325s2003 njua bf 001 0 eng
010 ## - LIBRARY OF CONGRESS CONTROL NUMBER
LC control number 2003048349
020 ## - INTERNATIONAL STANDARD BOOK NUMBER
International Standard Book Number 0805839224
040 ## - CATALOGING SOURCE
Original cataloging agency DLC
Transcribing agency DLC
Modifying agency DLC
042 ## - AUTHENTICATION CODE
Authentication code pcc
050 00 - LIBRARY OF CONGRESS CALL NUMBER
Classification number HM1221
Item number .G57 2003
082 00 - DEWEY DECIMAL CLASSIFICATION NUMBER
Classification number 659.2
Edition number 21
100 ## - MAIN ENTRY--PERSONAL NAME
Personal name edited by Krishnamurthy Sriramesh, Dejan Verčič.
Dates associated with a name 2003
245 04 - TITLE STATEMENT
Title The global public relations handbook :
Remainder of title theory, research, and practice /
Statement of responsibility, etc edited by Krishnamurthy Sriramesh, Dejan Verčič.
260 ## - PUBLICATION, DISTRIBUTION, ETC. (IMPRINT)
Place of publication, distribution, etc Mahwah, N.J. :
Name of publisher, distributor, etc Lawrence Erlbaum,
Date of publication, distribution, etc 2003.
300 ## - PHYSICAL DESCRIPTION
Extent xxxvi, 564 p. :
Other physical details ill. ;
Dimensions 26 cm.
440 #0 - SERIES STATEMENT/ADDED ENTRY--TITLE
Title LEA's communication series
504 ## - BIBLIOGRAPHY, ETC. NOTE
Bibliography, etc Includes bibliographical references and indexes.
650 #0 - SUBJECT ADDED ENTRY--TOPICAL TERM
Topical term or geographic name as entry element Public relations
Form subdivision Cross-cultural studies
-- Handbooks, manuals, etc.
650 #0 - SUBJECT ADDED ENTRY--TOPICAL TERM
Topical term or geographic name as entry element Intercultural communication
Form subdivision Handbooks, manuals, etc.
700 1# - ADDED ENTRY--PERSONAL NAME
Personal name Sriramesh, Krishnamurthy.
700 1# - ADDED ENTRY--PERSONAL NAME
Personal name Verčič, Dejan.
856 42 - ELECTRONIC LOCATION AND ACCESS
Materials specified Publisher description
Uniform Resource Identifier <a href="http://www.loc.gov/catdir/enhancements/fy0709/2003048349-d.html">http://www.loc.gov/catdir/enhancements/fy0709/2003048349-d.html</a>
906 ## - LOCAL DATA ELEMENT F, LDF (RLIN)
a 7
b cbc
c orignew
d 1
e ocip
f 20
g y-gencatlg
942 ## - ADDED ENTRY ELEMENTS (KOHA)
Source of classification or shelving scheme
Item type Book
Holdings
Withdrawn status Lost status Source of classification or shelving scheme Damaged status Not for loan Home library Current library Shelving location Date acquired Total Checkouts Full call number Barcode Date last seen Copy number Price effective from Koha item type
          Riara University Library Riara University Library General stack 23/05/2019   HM1221 .G57 2003 10229/19 23/05/2019 C.1 23/05/2019 Book

Riara University Library,
P.O. Box 49940-00100,
Nairobi, Kenya.